<?xml version="1.0" encoding="UTF-8"?>
<record
    xmlns:xsi="http://www.w3.org/2001/XMLSchema-instance"
    xsi:schemaLocation="http://www.loc.gov/MARC21/slim http://www.loc.gov/standards/marcxml/schema/MARC21slim.xsd"
    xmlns="http://www.loc.gov/MARC21/slim">

  <leader>00237    a2200109   4500</leader>
  <controlfield tag="005">20260309133612.0</controlfield>
  <datafield tag="100" ind1=" " ind2=" ">
    <subfield code="a">Iqbal, Arslan (111042)</subfield>
  </datafield>
  <datafield tag="245" ind1=" " ind2=" ">
    <subfield code="a">Bank Alfalah Limited </subfield>
  </datafield>
  <datafield tag="260" ind1=" " ind2=" ">
    <subfield code="a">Multan:</subfield>
    <subfield code="b">AUMC,</subfield>
    <subfield code="c">2014</subfield>
  </datafield>
  <datafield tag="300" ind1=" " ind2=" ">
    <subfield code="a">51p</subfield>
  </datafield>
  <datafield tag="942" ind1=" " ind2=" ">
    <subfield code="c">SP</subfield>
  </datafield>
  <datafield tag="999" ind1=" " ind2=" ">
    <subfield code="c">47108</subfield>
    <subfield code="d">47108</subfield>
  </datafield>
  <datafield tag="952" ind1=" " ind2=" ">
    <subfield code="0">0</subfield>
    <subfield code="1">0</subfield>
    <subfield code="4">0</subfield>
    <subfield code="7">0</subfield>
    <subfield code="8">Computer Science </subfield>
    <subfield code="a">AUMC</subfield>
    <subfield code="b">AUMC</subfield>
    <subfield code="c">Computer Science </subfield>
    <subfield code="d">2026-03-09</subfield>
    <subfield code="l">0</subfield>
    <subfield code="p">C000083</subfield>
    <subfield code="r">2026-03-09 04:37:37</subfield>
    <subfield code="y">SP</subfield>
  </datafield>
</record>
